000
00225nam a2200097Ia 4500
008
170619s9999 xx 000 0 und d
100
_a
James K L
245
4
_a
The Internet a User`s Guide
260
_b
New Delhi: PHI
260
_c
2003
546
_a
ENGLISH
999
_c
17739
_d
17739